| 000 | 01869 a2200229 4500 | ||
|---|---|---|---|
| 003 | Nust | ||
| 005 | 20221012125131.0 | ||
| 010 | _a 73009122 | ||
| 020 | _a0442294794 | ||
| 040 | _cNust | ||
| 082 | 0 | 0 | _a543.0819,WIL |
| 100 | 1 |
_aWillard, Hobart H. _9100007 |
|
| 245 | 1 | 0 |
_aInstrumental methods of analysis / _cHobart H. Willard, Lynne L. Merritt, Jr. [and] John A. Dean. |
| 250 | _a7th ed. | ||
| 260 |
_aNew York, _bVan Nostrand _c[1974] |
||
| 300 |
_axix, 860 p. _billus. _c24 cm. |
||
| 505 | _aAn introduction to Instrumental Methods (Page-1), Measurement Signals and Data (Page-13), Electronics Fundamentals (Page-40), Computer-Aided Analysis (Page-60), An introductions to Absorption and Emission Spectroscopy (Page-97), Ultra violet and Visible Spectrometry – instrumentations (Page-159), Ultraviolet and Visible Absorption Methods (Page-159), Fluorescence and Phosphorescence Spectrophotometer (Page-197), Flame Emission and Atomic Absorption Spectroscopy (Page-224), Atomic Emission Spectroscopy with Plasma and Electrical Discharge Sources (Page-260), Infrared Spectrometry (Page-288), Raman Spectroscopy (Page-321), X-Ray Methods (Page-340), Radiochemical Methods (Page-398), Nuclear Magnetic Resonance Spectroscopy (Page-422), Mass Spectrometry (Page-465), Chromatography (Page-513), Gas Chromatography (Page-540), High-Performance Liquid Chromatography (Page-580), High-performance Liquid Chromatography: Methods and Application (Page-614), Introduction to Electro analytical Methods of Analysis (Page-656), Potentiometry (Page-671), Volta metric Techniques (Page-697), Electro separations (Page- 732), Thermal Analysis (Page-761) Process Instruments and Automated Analysis (Page-786). | ||
| 650 | 0 |
_aInstrumental analysis. _9706 |
|
| 700 | 1 |
_aDean, John A. _d1921-2001 _9100008 |
|
| 700 | 1 |
_aMerritt, Lynne L. _d1915-2001 _9100009 |
|
| 942 |
_2ddc _cBK |
||
| 999 |
_c183609 _d183609 |
||